AH International Schools' Libraries

Drawn Together / (Record no. 49729)

MARC details
000 -LEADER
fixed length control field 01426nam a2200169 4500
020 ## - INTERNATIONAL STANDARD BOOK NUMBER
International Standard Book Number 978-1484767603
100 ## - MAIN ENTRY--PERSONAL NAME
Personal name Lê, Minh,
Relator term author.
9 (RLIN) 86843
245 ## - TITLE STATEMENT
Title Drawn Together /
Statement of responsibility, etc by Minh Lê, Dan Santat (Illustrator, Cover Art)
260 ## - PUBLICATION, DISTRIBUTION, ETC. (IMPRINT)
Name of publisher, distributor, etc Little, Brown Books for Young Readers;
Date of publication, distribution, etc June 5, 2018.
300 ## - PHYSICAL DESCRIPTION
Extent 40 pages
Dimensions 8.9 x 0.6 x 11.25 inches.
500 ## - GENERAL NOTE
General note The recipient of six starred reviews and the APALA Asian/Pacific American Award for Literature!<br/><br/> <br/><br/>Named a Best Book of 2018 by the Wall Street Journal, NPR, Smithsonian, Kirkus Reviews, School Library Journal, Booklist, the Bulletin of the Center for Children's Books, BookRiot, the New York Public Library, the Chicago Public Library—and many more!<br/><br/> <br/><br/>When a young boy visits his grandfather, their lack of a common language leads to confusion, frustration, and silence. But as they sit down to draw together, something magical happens—with a shared love of art and storytelling, the two form a bond that goes beyond words.<br/><br/>With spare, direct text by Minh Lê and luminous illustrations by Caldecott Medalist Dan Santat, this stirring picture book about reaching across barriers will be cherished for years to come.
650 ## - SUBJECT ADDED ENTRY--TOPICAL TERM
9 (RLIN) 48809
Topical term or geographic name as entry element Grandparent and child
Form subdivision Juvenile fiction.
650 ## - SUBJECT ADDED ENTRY--TOPICAL TERM
9 (RLIN) 40522
Topical term or geographic name as entry element Art
Form subdivision Juvenile fiction.
650 ## - SUBJECT ADDED ENTRY--TOPICAL TERM
9 (RLIN) 80649
Topical term or geographic name as entry element Vietnamese Americans
Form subdivision Juvenile fiction
650 ## - SUBJECT ADDED ENTRY--TOPICAL TERM
9 (RLIN) 49451
Topical term or geographic name as entry element cultural diversity
942 ## - ADDED ENTRY ELEMENTS (KOHA)
Source of classification or shelving scheme
Koha item type Book
Holdings
Withdrawn status Lost status Source of classification or shelving scheme Damaged status Not for loan Home library Current library Date acquired Total Checkouts Full call number Barcode Date last seen Date checked out Price effective from Koha item type
          Logos International School Logos International School 11/12/2025 1 E LE 041935 12/03/2025 11/20/2025 11/12/2025 Book

For any Logos Library related questions please contact Miss Art at swongnarasuk@asianhope.org.

For any Asian Hope Library related questions please contact Miss Raza at graza@asianhope.org.

Powered by Koha